[Event "Bratislava op"]
[Site "Bratislava"]
[Date "1992.??.??"]
[Round "9"]
[White "Berezjuk, Sergej"]
[Black "Djubek, Boris"]
[Result "1/2-1/2"]
[WhiteElo "2415"]
[BlackElo "2280"]

1.e4 c5 2.Nf3 d6 3.Bb5+ Bd7 4.Bxd7+ Qxd7 5.c4 Nc6 6.Nc3 Nf6 7.O-O g6 8.d4 cxd4
9.Nxd4 Bg7 10.Nde2 O-O 11.f3 Ne8 12.Be3 f5 13.Qd2 Nf6 14.exf5 Qxf5 15.Rad1 Ne5
16.b3 Nf7 17.Rfe1 Rfd8 18.Nf4 Qd7 19.Ncd5 e6 20.Nc3 Ne8 21.a4 Nc7 22.Kh1 Re8
23.Nfe2 Red8 24.Bd4 Ne5 25.Qe3 b6 26.Nf4 Nxc4 27.bxc4 e5 28.Bxe5 Bxe5 29.Nfd5 Nxd5
30.Nxd5 Re8 31.Qxe5 Rxe5 32.Nf6+ Kf7 33.Nxd7 Rxe1+ 34.Rxe1 Rd8 35.Nxb6 axb6
36.Rb1 Rc8 37.Rxb6 Rxc4 38.Kg1 Rxa4 39.Rxd6 Ra7 40.Kf2 Kg7 41.h4 h5 42.Ke3 Ra2
43.g3 Ra4 44.Rd4 Ra6 45.Rd7+ Kf6 46.Ke4 Ra4+ 47.Rd4 Ra6 48.Kf4 Rb6 49.g4 hxg4
50.fxg4 g5+ 51.hxg5+ Kg6 52.Rd5 Rb4+ 53.Kg3 Rb1 54.Rc5 Ra1  1/2-1/2

[Event "Bucaramanga"]
[Site "Bucaramanga"]
[Date "1992.??.??"]
[Round "8"]
[White "Henao, Raul Fernando"]
[Black "Martin del Campo, Roberto"]
[Result "1/2-1/2"]
[WhiteElo "2390"]
[BlackElo "2410"]

1.e4 c5 2.Nf3 d6 3.Bb5+ Bd7 4.Bxd7+ Qxd7 5.O-O Nc6 6.c3 Nf6 7.d4 cxd4 8.cxd4 d5
9.e5 Ne4 10.Nbd2 Nxd2 11.Bxd2 e6 12.Rc1 Be7 13.Bg5 O-O 14.Bxe7 Qxe7 15.Qd2  1/2-1/2

[Event "Spring op"]
[Site "Budapest"]
[Date "1992.??.??"]
[Round "?"]
[White "Ruck, Robert"]
[Black "Loginov, Valery A"]
[Result "1/2-1/2"]
[WhiteElo "2315"]
[BlackElo "2540"]

1.e4 c5 2.Nf3 d6 3.Bb5+ Bd7 4.Bxd7+ Qxd7 5.d4 cxd4 6.Nxd4 Nf6 7.Nc3 g6 8.O-O Bg7
9.Re1 O-O 10.Nd5 Ne8 11.Bg5 e6 12.Ne3 Nc6 13.c3 Rc8 14.Qa4 h5 15.f4 Nf6 16.Nxc6 Qxc6
17.Qxc6 Rxc6 18.Nc2 Rfc8 19.Rad1 Rb6 20.Nb4 a5 21.Nd3 Rc4 22.Bxf6 Bxf6 23.Re2 Kf8
24.Kf2 d5 25.exd5 exd5 26.g3 d4 27.cxd4 Rxd4 28.Red2 a4 29.Ke2 Rd5 30.Rc2 Re6+
31.Kf1 h4 32.Nf2 Rb5 33.Rdd2 Reb6 34.Nd1 g5 35.fxg5 Rxg5 36.gxh4 Rf5+ 37.Rf2 Rxf2+
38.Kxf2 Bxh4+ 39.Kf3 Rb4 40.Ke3 Bf6 41.Kd3 Rd4+ 42.Ke2 Rh4 43.Kd3 b5 44.Ne3 Ke8
45.Rc5 Rxh2 46.Rxb5 Bxb2 47.Nc4 Bc1 48.a3 Rh3+ 49.Kd4 Bh6 50.Rb4 Bg7+ 51.Ke4 Rh4+
52.Kf3 Rd4 53.Rxa4 f5 54.Ra8+ Kf7 55.Ne3 Kg6 56.Ra5 Bf8 57.Nxf5 Rd3+ 58.Ke4 Rxa3
59.Rxa3 Bxa3  1/2-1/2

[Event "Spring op"]
[Site "Budapest"]
[Date "1992.??.??"]
[Round "?"]
[White "Bogumil, Pavel"]
[Black "Martinidesz, Denes"]
[Result "1/2-1/2"]
[WhiteElo "2360"]
[BlackElo "2215"]

1.e4 c5 2.Nf3 d6 3.Bb5+ Nd7 4.c3 Nf6 5.Qe2 a6 6.Ba4 b5 7.Bc2 Qc7 8.d3 g6
9.O-O Bg7 10.Ne1 Bb7 11.f4 O-O 12.Nd2 e6 13.Ndf3 Rae8 14.Kh1 Nb6 15.e5 Nfd7
16.d4 f5 17.exf6 Nxf6 18.dxc5 dxc5 19.Nd3 Nh5 20.Ng5 c4 21.Nxh7 cxd3 22.Bxd3 Nxf4
23.Bxf4 Rxf4 24.Rxf4 Qxf4 25.Bxg6 Be5 26.Nf6+ Qxf6 27.Bxe8 Qf4 28.Qh5 Nc4
29.Rd1 Bd5 30.Kg1 Qe3+ 31.Kf1 Nd6 32.b3 Kf8 33.Bg6 Bxc3 34.Qh4  1/2-1/2

[Event "Multicoop op"]
[Site "Budapest"]
[Date "1992.??.??"]
[Round "6"]
[White "Biro, Sandor"]
[Black "Stisis, Yaacov"]
[Result "0-1"]
[WhiteElo "2255"]
[BlackElo "2275"]

1.e4 c5 2.Nf3 d6 3.Bb5+ Nc6 4.c3 Nf6 5.Qe2 e6 6.O-O Be7 7.d4 cxd4 8.cxd4 O-O
9.Nc3 d5 10.e5 Nd7 11.Bd3 a6 12.a3 f6 13.exf6 Nxf6 14.Be3 Bd7 15.h3 Be8 16.Ne5 Nxe5
17.dxe5 Nh5 18.Qg4 d4 19.Qxd4 Qxd4 20.Bxd4 Rd8 21.Ne2 Nf4 22.Nxf4 Rxd4 23.Bxh7+ Kxh7
24.Nxe6 Rd5 25.Nxf8+ Bxf8 26.Rfe1 Be7 27.Rad1 Rb5 28.Re2 Kg6 29.f4 Rb3 30.Kh2 Bb5
31.Rc2 Bh4 32.Rc3 Rxb2 33.Rd6+ Kf5 34.Rb6 Be1 35.Rf3 Re2 36.Kg1 Ba5 37.Rxb7 Bc6
38.g4+ Ke4 39.Rbb3 Bd5 40.Rbc3 Bxc3 41.Rxc3 Kxf4  0-1

[Event "Eurodata"]
[Site "Budapest"]
[Date "1992.??.??"]
[Round "7"]
[White "David, Alberto"]
[Black "Madl, Ildiko"]
[Result "0-1"]
[WhiteElo "2365"]
[BlackElo "2410"]

1.e4 c5 2.Nf3 d6 3.Bb5+ Nc6 4.O-O Bd7 5.Re1 a6 6.Bxc6 Bxc6 7.c3 Nf6 8.d4 Bxe4
9.Bg5 Bd5 10.Nbd2 b5 11.c4 bxc4 12.dxc5 e6 13.Nd4 dxc5 14.Nf5 h6 15.Bxf6 gxf6
16.Qe2 Rg8 17.Ne3 Be7 18.Rad1 Bb7 19.Ne4 Qc7 20.Nxc4 Kf8 21.Qe3 Rg6 22.h4 f5
23.h5 Rg7  0-1

[Event "Budapest Nuovo"]
[Site "Budapest"]
[Date "1992.??.??"]
[Round "12"]
[White "Cladouras, Panagiotis"]
[Black "Baburin, Alexander"]
[Result "0-1"]
[WhiteElo "2365"]
[BlackElo "2490"]

1.e4 c5 2.Nf3 d6 3.Bb5+ Bd7 4.Bxd7+ Qxd7 5.O-O Nc6 6.d4 cxd4 7.Nxd4 Nf6 8.Nc3 g6
9.h3 Bg7 10.Be3 O-O 11.Qd2 Rfc8 12.Rad1 a6 13.f4 b5 14.a3 Qb7 15.Nxc6 Rxc6
16.e5 Ne8 17.Bd4 Rac8 18.Qf2 e6 19.exd6 Nxd6 20.Bxg7 Kxg7 21.Kh2 Qb6 22.Na2 a5
23.c3 Nc4 24.Qxb6 Rxb6 25.Rf2 Rcc6 26.Rd7 Rd6 27.Ra7 a4 28.Nb4 h5 29.g3 Rd1
30.Rc7 Rbd6 31.Rb7 R6d2 32.Kg2 Rxf2+ 33.Kxf2 Rd2+ 34.Kf3 Rxb2 35.Rxb5 Rb3
36.Rc5 Nxa3 37.Ra5 Rxc3+ 38.Kg2 Nc2  0-1

[Event "Buenos Aires"]
[Site "Buenos Aires"]
[Date "1992.??.??"]
[Round "?"]
[White "Ricardi, Pablo"]
[Black "Brunner, Lucas"]
[Result "1-0"]
[WhiteElo "2465"]
[BlackElo "2500"]

1.e4 c5 2.Nf3 d6 3.Bb5+ Bd7 4.Bxd7+ Qxd7 5.O-O Nc6 6.c3 Nf6 7.d4 Nxe4 8.d5 Ne5
9.Nxe5 dxe5 10.Re1 Nd6 11.Rxe5 g6 12.Re1 Bg7 13.Bg5 Nf5 14.Na3 Rd8 15.Qe2 h6
16.Bf4 O-O 17.Rad1 Rfe8 18.Nc4 Qb5 19.g4 Nh4 20.Bc7 Rd7 21.Be5 Nf3+ 22.Qxf3 Qxc4
23.b3 Qa6 24.Bxg7 Kxg7 25.c4 Qf6 26.Qg3 e6 27.Rd3 Rde7 28.d6 Rd7 29.h4 e5
30.g5 hxg5 31.hxg5 Qe6 32.Rd5 e4 33.Qf4 b6 34.Kg2 f6 35.Rh1 fxg5 36.Qxg5 Rxd6
37.Qh6+ Kf6 38.Qf4+  1-0

[Event "Wch U20"]
[Site "Buenos Aires"]
[Date "1992.??.??"]
[Round "?"]
[White "Zarnicki, Pablo"]
[Black "Scarella, Enrique"]
[Result "1-0"]
[WhiteElo "2455"]
[BlackElo "2410"]

1.e4 c5 2.Nf3 d6 3.Bb5+ Bd7 4.Bxd7+ Nxd7 5.O-O Ngf6 6.Re1 g6 7.c3 Bg7 8.d4 cxd4
9.cxd4 O-O 10.Nc3 e5 11.d5 Rc8 12.a4 h6 13.a5 a6 14.h3 Ne8 15.Be3 f5 16.Qb3 Rf7
17.Qxb7 fxe4 18.Nd2 Nc5 19.Qb6 Nd3 20.Reb1 Qh4 21.Ndxe4 Nc7 22.Nxd6 Rf6 23.Nxc8 e4
24.Qxc7 Rxf2 25.Rf1  1-0

[Event "Buenos Aires Najdorf qual"]
[Site "Buenos Aires"]
[Date "1992.??.??"]
[Round "4"]
[White "Rosito, Jorge"]
[Black "Ricardi, Pablo"]
[Result "0-1"]
[WhiteElo "2345"]
[BlackElo "2465"]

1.e4 c5 2.Nf3 d6 3.Bb5+ Nd7 4.d4 Nf6 5.Nc3 cxd4 6.Qxd4 a6 7.Bxd7+ Nxd7 8.Be3 e6
9.O-O Qc7 10.Rad1 Ne5 11.Bf4 f6 12.Bg3 Bd7 13.Nh4 Rc8 14.Kh1 Qc5 15.Bxe5 fxe5
16.Qxc5 Rxc5 17.Nf3 Be7 18.Ne1 O-O 19.Nd3 Rc7 20.g3 b5 21.a3 a5 22.Rd2 Rfc8
23.f3 Kf7 24.Rff2 Ke8 25.Kg2 Rxc3 26.bxc3 Rxc3 27.Rf1 Rxa3 28.Rb1 b4 29.Kf2 Bb5
30.f4 exf4 31.gxf4 Rc3 32.Rb3 Rc4 33.Ke3 Bc6 34.Nf2 d5 35.exd5 Bxd5 36.Rb1 Bc5+
37.Ke2 Rxf4 38.Nd3 Re4+ 39.Kf1 Bd4 40.Re1 Rxe1+ 41.Nxe1 Bc3 42.Rd1 a4 43.Nd3 a3  0-1

[Event "Buenos Aires Najdorf qual"]
[Site "Buenos Aires"]
[Date "1992.??.??"]
[Round "5"]
[White "Malbran, Guillermo"]
[Black "Quiroga, Facundo"]
[Result "0-1"]
[WhiteElo "2330"]
[BlackElo "2225"]

1.e4 c5 2.Nf3 d6 3.Bb5+ Bd7 4.a4 a6 5.Bxd7+ Nxd7 6.O-O Ngf6 7.Re1 e6 8.d3 Be7
9.Nc3 O-O 10.h3 Rb8 11.a5 b5 12.axb6 Rxb6 13.b3 Ne8 14.Bb2 Nc7 15.Na4 Rb8
16.Ra2 e5 17.Nc3 g6 18.Nd5 Nxd5 19.exd5 Ra8 20.Bc1 Re8 21.c4 Bf8 22.Bg5 Qb6
23.Ra3 h6 24.Bd2 Bg7 25.Ba5 Qb7 26.Qc2 Nf6 27.Nd2 Nh5 28.Ne4 Qd7 29.Bd2 Nf4
30.Ng3 h5 31.Bc3 Qd8 32.Ne2 Qg5 33.Nxf4 exf4 34.f3 Bd4+ 35.Kh1 Rxe1+ 36.Bxe1 Re8
37.Qd1 Qe5 38.Bd2 g5 39.Rxa6 Qe2 40.Qxe2 Rxe2 41.Ra2 h4 42.Kh2 Rf2 43.Rc2 Be3
44.Bxe3 Rxc2 45.Bg1 Rb2 46.d4 cxd4 47.Bxd4 Rxb3 48.Bf6 Rb4 49.Bxg5 Rxc4 50.Be7 Rd4
51.Bxd6 Rxd5 52.Bxf4 Kg7 53.Be3 Kg6 54.Bf2 Kh5 55.Be1 Rd1 56.Bb4 Rd4 57.Be1 Kg5
58.g3 hxg3+ 59.Kxg3 f5 60.Bf2 Ra4 61.Bb6 f4+ 62.Kg2 Kf5 63.Bc7 Ra7 64.Bd6 Rg7+
65.Kf2 Rd7 66.Bb8 Rh7 67.Kg2 Rg7+ 68.Kf2 Rg3 69.Bd6 Rxh3 70.Bc7 Rh2+ 71.Kg1 Rd2
72.Kf1 Rd4 73.Ba5 Kg5 74.Be1 Rd1 75.Ke2 Rxe1+ 76.Kxe1 Kh4 77.Kf2 Kh3 78.Kf1 Kg3
79.Ke2 Kg2 80.Ke1 Kxf3 81.Kf1 Ke3 82.Ke1 f3 83.Kf1 f2  0-1

[Event "Buenos Aires Najdorf qual"]
[Site "Buenos Aires"]
[Date "1992.??.??"]
[Round "11"]
[White "Slipak, Sergio"]
[Black "Bronstein, Luis"]
[Result "0-1"]
[WhiteElo "2430"]
[BlackElo "2365"]

1.e4 c5 2.Nf3 d6 3.Bb5+ Bd7 4.Bxd7+ Nxd7 5.O-O Ngf6 6.Qe2 Rc8 7.c3 e6 8.d4 cxd4
9.cxd4 d5 10.e5 Ne4 11.Be3 Bb4 12.Ne1 Bxe1 13.Rxe1 Qh4 14.f3 Rc2 15.Qf1 Ng5
16.Bf2 Qf4 17.Nc3 h5 18.Re2 Rxe2 19.Nxe2 Qf5 20.Rc1 O-O 21.Ng3 Qg6 22.h4 Nh7
23.Qe2 Qh6 24.Rc7 Nb6 25.Qd3 Rc8 26.Be3 Qg6 27.Qxg6 fxg6 28.Rxb7 Rc2 29.Rxa7 Nc4
30.Bf2 Rc1+ 31.Kh2 Rc2 32.b3 Nb2 33.Be3 Nd3 34.Nf1 Re2 35.Bd2 g5 36.hxg5 Nf8
37.Rc7 Ng6 38.Rc3 Ndf4 39.Bxf4 Nxf4 40.Kg3 Ng6 41.Ne3 Rxa2 42.Nc2 Ne7 43.Kf4 Kh7
44.g4 h4 45.g6+ Kh6 46.Ke3 h3 47.Nb4 h2 48.Rc1 Rg2 49.Rh1 Kg5 50.Nd3 Nxg6
51.b4 Kh4 52.b5 Kg3 53.b6 Rg1 54.Nf2 Ne7 55.b7 Nc6 56.g5 g6 57.f4 Rg2 58.Nd3 Rg1
59.Nf2 Rg2 60.Nd3 Rg1 61.Nf2 Rg2  0-1

[Event "BUL-ch"]
[Site "BUL"]
[Date "1992.??.??"]
[Round "7"]
[White "Georgiev, Krum"]
[Black "Genov, Petar"]
[Result "1/2-1/2"]
[WhiteElo "2505"]
[BlackElo "2450"]

1.e4 c5 2.Nf3 d6 3.Bb5+ Bd7 4.Bxd7+ Qxd7 5.O-O Nf6 6.e5 dxe5 7.Nxe5 Qd6 8.Nc4 Qd7
9.b3 Nc6 10.Bb2 e6 11.f4 Be7 12.Ne5 Qc7 13.Na3 Rd8 14.Nb5 Qb6 15.a4 c4+ 16.Kh1 cxb3
17.cxb3 O-O 18.Nc4 Qc5 19.Ba3 Nb4 20.Rc1 Qd5 21.Ne3 Qxd2 22.Qxd2 Rxd2 23.Rc7 Rd7
24.Rxd7 Nxd7 25.Nxa7 Bc5 26.Rd1 Nf6 27.Nb5 Ne4 28.Bxb4 Bxe3 29.Re1 Nf2+ 30.Kg1 Nd3+
31.Rxe3 Nxb4 32.Re4 Nd5 33.Nd6 b6 34.Nc4 g6 35.Kf2 Rc8 36.Rd4 Rc5 37.g3 b5
38.axb5 Rxb5 39.Rd3 Kg7 40.Ke2 h5  1/2-1/2

[Event "Calcutta"]
[Site "Calcutta"]
[Date "1992.??.??"]
[Round "6"]
[White "Sahu, Sekhar Chandra"]
[Black "Ganesan, Sankar"]
[Result "1-0"]
[WhiteElo "2425"]
[BlackElo "2300"]

1.e4 c5 2.Nf3 d6 3.Bb5+ Bd7 4.Bxd7+ Qxd7 5.c4 Nc6 6.O-O Nf6 7.Nc3 g6 8.a3 Bg7
9.Rb1 O-O 10.d3 Ne8 11.Bd2 Ne5 12.Nxe5 dxe5 13.Be3 b6 14.b4 cxb4 15.axb4 Nc7
16.Qb3 e6 17.Rfd1 f5 18.f3 f4 19.Bf2 g5 20.c5 b5 21.Ne2 Rfd8 22.Rbc1 Qf7
23.d4 h5 24.Qc3 exd4 25.Bxd4 Bxd4+ 26.Rxd4 Rxd4 27.Qxd4 a5 28.bxa5 Rxa5 29.Qd8+  1-0

[Event "Calcutta"]
[Site "Calcutta"]
[Date "1992.??.??"]
[Round "8"]
[White "Sahu, Sekhar Chandra"]
[Black "Babu, N Sudhakar"]
[Result "0-1"]
[WhiteElo "2425"]
[BlackElo "2365"]

1.e4 c5 2.Nf3 d6 3.Bb5+ Bd7 4.Bxd7+ Qxd7 5.c4 Nc6 6.Nc3 g6 7.d4 cxd4 8.Nxd4 Bg7
9.Be3 Nf6 10.f3 O-O 11.O-O Rac8 12.Rc1 e6 13.Rf2 Nxd4 14.Bxd4 Rxc4 15.Bxa7 Bh6
16.Rcc2 b5 17.Bb6 Qc6 18.Bd4 e5 19.Ba7 Ra8 20.Nxb5 Rxc2 21.Rxc2 Qxb5 22.Bf2 Rxa2
23.Rc8+ Kg7 24.Bh4 Be3+ 25.Kh1 Qa6 26.Rd8 Bd4 27.Bxf6+ Kxf6 28.h4 Ke7  0-1

[Event "Caciulata"]
[Site "Calimanesti"]
[Date "1992.??.??"]
[Round "?"]
[White "Lupu, Mircea Sergiu"]
[Black "Timoshenko, Georgy"]
[Result "0-1"]
[WhiteElo "2415"]
[BlackElo "2480"]

1.e4 c5 2.Nf3 d6 3.Bb5+ Nc6 4.O-O Bg4 5.h3 Bh5 6.Bxc6+ bxc6 7.d3 e5 8.Nbd2 Be7
9.Nc4 Nf6 10.g4 Bg6 11.Nh4 O-O 12.Nf5 Bxf5 13.gxf5 Kh8 14.Qf3 Ne8 15.Kh1 Bg5
16.Bxg5 Qxg5 17.Rg1 Qh6 18.Rg2 g6 19.Rag1 Rd8 20.Rg5 Nf6 21.Kh2 Rd7 22.Ne3 Nh5
23.f6 Nf4 24.Qg4 Ne6 25.h4 Nxg5 26.Qxg5 Qxg5 27.hxg5 h5 28.b3 d5 29.f3 a5
30.a4 Rb8 31.Kg3 Rdd8 32.Rh1 Kg8 33.Rf1 Kf8 34.Kf2 Rd6 35.Ke2 Ke8 36.Rh1 Kd7
37.Rh4 Ke6 38.Kd2 Rdd8 39.Kc1 Rb4 40.Kb2 Rdb8 41.Ka2 c4 42.dxc4 d4 43.Nd1 d3
44.cxd3 Rxb3 45.Rh2 h4 46.Rd2 h3 47.Nf2 Rc3 48.Nd1 Rc1 49.Ka3 h2  0-1

[Event "Canada zt"]
[Site "Canada"]
[Date "1992.??.??"]
[Round "5"]
[White "Day, Lawrence A"]
[Black "Nickoloff, Bryon"]
[Result "1-0"]
[WhiteElo "2395"]
[BlackElo "2420"]

1.e4 c5 2.Nf3 d6 3.Bb5+ Bd7 4.c4 Nc6 5.d4 cxd4 6.Nxd4 g6 7.Nc3 Bg7 8.Be3 Nf6
9.f3 O-O 10.Qd2 Nxd4 11.Bxd4 Be6 12.b3 a6 13.Ba4 Rc8 14.O-O Bxc4 15.bxc4 Rxc4
16.Qd3 Qc7 17.Rac1 Rc8 18.Ne2 Bh6 19.Be3 Bxe3+ 20.Qxe3 Rc5 21.Bb3 Nd7 22.f4 Qb6
23.Rb1 Rb5 24.Qxb6 Rxb6 25.Kf2 Kg7 26.Ke3 Nf6 27.Kd3 Rb4 28.Nc3 Nd7 29.Bd5 Nc5+
30.Ke3 Rxb1 31.Rxb1 e6 32.Bb3 b5 33.Bd1  1-0

[Event "Candas op"]
[Site "Candas"]
[Date "1992.??.??"]
[Round "4"]
[White "Antunes, Antonio"]
[Black "Garcia Ilundain, David"]
[Result "1/2-1/2"]
[WhiteElo "2465"]
[BlackElo "2435"]

1.e4 c5 2.Nf3 d6 3.Bb5+ Bd7 4.Bxd7+ Qxd7 5.O-O Nc6 6.c3 Nf6 7.d4 Nxe4 8.d5 Ne5
9.Nxe5 dxe5 10.Re1 Nd6 11.Rxe5 g6 12.Re1 Bg7 13.Na3 O-O 14.Bf4 b5 15.Rc1 a6
16.Qd2 Rad8 17.h3 Qb7 18.Rcd1 Nf5 19.Nc2 e6 20.d6 e5  1/2-1/2

[Event "Candas op"]
[Site "Candas"]
[Date "1992.??.??"]
[Round "5"]
[White "Malbran, Guillermo"]
[Black "Komljenovic, Davor"]
[Result "0-1"]
[WhiteElo "2330"]
[BlackElo "2495"]

1.e4 c5 2.Nf3 d6 3.Bb5+ Bd7 4.Bxd7+ Nxd7 5.O-O Ngf6 6.Qe2 e6 7.b3 Be7 8.Bb2 O-O
9.e5 dxe5 10.Nxe5 Nxe5 11.Qxe5 Rc8 12.d3 Ne8 13.Qe2 Nd6 14.Nd2 Nf5 15.c3 Qd5
16.Nf3 Rfd8 17.Rfd1 Qc6 18.c4 Qb6 19.Bc3 Rd7 20.Qe1 Qd8 21.Ne5 Rd6 22.Qe4 Qc7
23.Nf3 Rd7 24.Ne5 Bf6 25.d4 Bxe5 26.dxe5 Rcd8 27.Qe2 h6 28.Kf1 Qc6 29.Rxd7 Rxd7
30.f3 Qc7 31.Qe4 Qd8 32.Ke2 Qg5 33.g3 Qh5 34.Rd1 Qxh2+  0-1

[Event "Cannes op"]
[Site "Cannes"]
[Date "1992.??.??"]
[Round "?"]
[White "Bricard, Emmanuel"]
[Black "Alvarez Ibarra, D Rafael"]
[Result "1/2-1/2"]
[WhiteElo "2430"]
[BlackElo "2360"]

1.Nf3 c5 2.e4 d6 3.Bb5+ Bd7 4.Bxd7+ Qxd7 5.c4 Nc6 6.Nc3 Nf6 7.d4 cxd4 8.Nxd4 e6
9.O-O Be7 10.b3 O-O 11.Bb2 Rac8 12.Re1 Rfd8 13.Qd3 a6 14.Rad1 Nxd4 15.Qxd4 b5
16.e5 dxe5 17.Qb6 Qe8 18.Rxd8 Qxd8 19.Qxa6 bxc4 20.Rd1 Qe8 21.bxc4 Qc6 22.Qxc6 Rxc6
23.a4 h5 24.a5 Bb4 25.Ra1 Ra6 26.Ra4 Bxa5 27.Nb5 Ne4 28.Bxe5 Nc5 29.Ra2 Bd8
30.Rxa6 Nxa6 31.Bd6 Bb6 32.Kf1 f5 33.Ke2 Kf7 34.f3  1/2-1/2

[Event "Cappelle op"]
[Site "Cappelle la Grande"]
[Date "1992.??.??"]
[Round "8"]
[White "Pohla, Harry"]
[Black "Szekely, Peter"]
[Result "1/2-1/2"]
[WhiteElo "2340"]
[BlackElo "2450"]

1.e4 c5 2.Nf3 d6 3.Bb5+ Bd7 4.Qe2 Bxb5 5.Qxb5+ Qd7 6.Qxd7+ Nxd7 7.d4 cxd4
8.Nxd4 Rc8 9.Nc3 Ngf6 10.f3 g6 11.Be3 Bg7 12.O-O-O  1/2-1/2

[Event "Catalunya-ch"]
[Site "?"]
[Date "1992.??.??"]
[Round "5"]
[White "De la Riva Aguado, Oscar"]
[Black "Martin Gonzalez, Angel"]
[Result "1/2-1/2"]
[WhiteElo "2380"]
[BlackElo "2435"]

1.e4 c5 2.Nf3 d6 3.Bb5+ Nd7 4.O-O Nf6 5.d4 cxd4 6.Qxd4 g6 7.c4 Bg7 8.Nc3 O-O
9.Bxd7 Nxd7 10.Qe3 a6  1/2-1/2

[Event "JUG-chT"]
[Site "Cetinje"]
[Date "1992.??.??"]
[Round "?"]
[White "Miljanic, Boro"]
[Black "Aleksic, Nenad"]
[Result "1-0"]
[WhiteElo "2395"]
[BlackElo "2410"]

1.e4 c5 2.Nf3 d6 3.Bb5+ Nd7 4.d4 Nf6 5.e5 Qa5+ 6.Nc3 Ne4 7.Bd2 Nxc3 8.Bxd7+ Bxd7
9.Bxc3 Qa6 10.d5 e6 11.Ng5 Be7 12.dxe6 Bxe6 13.Nxe6 fxe6 14.exd6 O-O-O 15.Bxg7 Rhg8
16.dxe7 Rxd1+ 17.Rxd1 Qc6 18.f3 Re8 19.Bf6 b6 20.Rd8+ Kb7 21.Kf2 Rxe7 22.Bxe7 Qa4
23.Rd2 Qxa2 24.Bf6 Qa4 25.Be5 a5 26.b3 Qh4+ 27.Bg3 Qf6 28.Re1 h5 29.c4 a4
30.Rd7+ Ka6 31.Be5 Qf5 32.bxa4 Qc2+ 33.Kg1 h4 34.h3 Ka5 35.Ra7+ Kb4 36.Ra6 Kxc4
37.Rxb6  1-0

[Event "JUG-chT"]
[Site "Cetinje"]
[Date "1992.??.??"]
[Round "?"]
[White "Savicevic, Vlatko"]
[Black "Benderac, Srdjan"]
[Result "1-0"]
[WhiteElo "2270"]
[BlackElo "2235"]

1.e4 c5 2.Nf3 d6 3.Bb5+ Bd7 4.Bxd7+ Nxd7 5.O-O Ngf6 6.Qe2 e6 7.c3 Be7 8.d4 O-O
9.e5 dxe5 10.dxe5 Nd5 11.a4 h6 12.Na3 a6 13.Re1 Qb8 14.a5 Qc7 15.Nc4 b5 16.axb6 N7xb6
17.Nfd2 Rfd8 18.Nxb6 Qxb6 19.Qg4 Kf8 20.Qg3 Qc6 21.Nc4 Rab8 22.Qf3 Qb5 23.Qe4 Kg8
24.g3 Nb6 25.Na5 Rbc8 26.Ra2 c4 27.Be3 Nd5 28.Bd4 Rd7 29.Rb1 Bd8 30.Rba1 Bxa5
31.Rxa5 Qxb2 32.Qf3 Rc6 33.Rxa6 Rxa6 34.Rxa6 Qb1+ 35.Kg2 Qb7 36.Ra3 Rc7 37.h4 Rc8
38.Ra7  1-0

[Event "JUG-chT"]
[Site "Cetinje"]
[Date "1992.??.??"]
[Round "?"]
[White "Savicevic, Vlatko"]
[Black "Saric, Igor"]
[Result "1-0"]
[WhiteElo "2270"]
[BlackElo "2270"]

1.e4 c5 2.Nf3 d6 3.Bb5+ Bd7 4.Bxd7+ Nxd7 5.O-O Ngf6 6.Qe2 e6 7.c3 Be7 8.d4 cxd4
9.cxd4 O-O 10.Nc3 Nb6 11.b3 Rc8 12.Bb2 d5 13.e5 Nfd7 14.Ne1 Nb8 15.Rd1 Bb4
16.Rd3 Nc6 17.Nc2 Be7 18.f4 Qd7 19.Nd1 f5 20.exf6 Rxf6 21.Nde3 Rcf8 22.g3 Nc8
23.Ng4 Rg6 24.Ne5 Nxe5 25.dxe5 Bc5+ 26.Bd4 Bxd4+ 27.Nxd4 Ne7 28.Kh1 Rc8 29.Rd2 Nc6
30.Nb5 h5 31.Qxh5 Ne7 32.Nd4 Rc3 33.Qe2 Nc6 34.Nb5 Rc5 35.Rfd1 Nxe5 36.Nxa7 Nf7
37.b4 Rc3 38.Nb5 Rc1 39.Rc2 Rxc2 40.Qxc2 Rf6 41.a4 g5 42.Qc3 Kg7 43.Re1 Kg6
44.Qc2+ Kg7 45.Qc7 Qe8 46.Nd6 Qxa4 47.Qe7 Kg6 48.Ne8  1-0

[Event "JUG-chT"]
[Site "Cetinje"]
[Date "1992.??.??"]
[Round "?"]
[White "Martinovic, Slobodan"]
[Black "Muhutdinov, Marat"]
[Result "1/2-1/2"]
[WhiteElo "2465"]
[BlackElo "2425"]

1.e4 c5 2.Nf3 d6 3.Bb5+ Nc6 4.O-O Bd7 5.c3 Nf6 6.Re1 a6 7.Bxc6 Bxc6 8.d4 Bxe4
9.Bg5 d5 10.dxc5 e6 11.Qa4+ Qd7 12.Qd4 Bxf3 13.gxf3 Be7 14.Nd2  1/2-1/2

[Event "Chicago opI"]
[Site "Chicago"]
[Date "1992.??.??"]
[Round "5"]
[White "Karklins, Andrew"]
[Black "Wachtel, Robert"]
[Result "1/2-1/2"]
[WhiteElo "2320"]
[BlackElo "2350"]

1.e4 c5 2.Nf3 d6 3.Bb5+ Bd7 4.Bc4 Nc6 5.c3 e6 6.O-O Nf6 7.Re1 Be7 8.Bb3 O-O
9.d4 e5 10.dxc5 dxc5 11.Nbd2 b5 12.Nf1 c4 13.Bc2 Bc5 14.h3 Qb6 15.Qe2 h6
16.g4 Nh7 17.Ne3 Rfe8 18.Nd5 Qb7 19.b4 Bd6 20.a4 a6 21.Be3 Be6 22.Red1 Rad8
23.Rd2 Bb8 24.Rad1 Ba7 25.Nh4 Rd7 26.Nf5 Red8 27.h4 f6 28.Bc5 Nf8 29.Bxa7 Qxa7
30.axb5 axb5 31.Nxh6+ gxh6 32.Nxf6+ Kh8 33.Nxd7 Rxd7 34.Rxd7 Bxd7 35.Rd6 Qa1+
36.Qd1 Qxc3 37.Rxh6+ Kg7 38.Qd6 Be6 39.Rxe6 Nxe6 40.Qxe6 Nxb4 41.Qd7+ Kf8
42.Qd8+ Kg7 43.Qe7+ Kg8 44.Qg5+ Kf7 45.Qf5+ Ke7 46.Qg5+ Kf7 47.Qf5+ Ke7 48.Qh7+ Kd6
49.Qh6+ Kd7 50.Qg7+ Kd6 51.Qf6+  1/2-1/2

[Event "CSR-chT"]
[Site "CSR"]
[Date "1992.??.??"]
[Round "?"]
[White "Oral, Tomas"]
[Black "Vavruska, David"]
[Result "0-1"]
[WhiteElo "2255"]
[BlackElo "2265"]

1.e4 c5 2.Nf3 d6 3.Bb5+ Nd7 4.O-O a6 5.Bxd7+ Bxd7 6.d4 cxd4 7.Qxd4 Bc6 8.c4 e6
9.Nc3 Nf6 10.a4 Be7 11.b4 O-O 12.b5 Bd7 13.Ba3 Qc7 14.b6 Qb8 15.Qd3 Rd8 16.Nd4 Bf8
17.a5 Qc8 18.Nce2 Bc6 19.f3 Qd7 20.Nxc6 Qxc6 21.Nd4 Qe8 22.Rfe1 Rac8 23.Bb2 Nd7
24.f4 Ne5 25.Qg3 Nxc4 26.Bc3 Qd7 27.Rad1 Na3 28.Ba1 Nc2 29.Nxc2 Rxc2 30.Bf6 Rdc8
31.f5 exf5 32.Be5 fxe4 33.Rxd6 Qf5 34.Rf1 Rc1  0-1

[Event "CSR-chT"]
[Site "CSR"]
[Date "1992.??.??"]
[Round "?"]
[White "Styblo, Michal"]
[Black "Trichkov, Vasil"]
[Result "0-1"]
[WhiteElo "2310"]
[BlackElo "2315"]

1.e4 c5 2.Nf3 d6 3.Bb5+ Nd7 4.d4 cxd4 5.Qxd4 a6 6.Be2 Ngf6 7.O-O e5 8.Qe3 Nc5
9.Nc3 b5 10.b4 Ne6 11.a4 bxa4 12.Rxa4 Be7 13.Bc4 O-O 14.Nd5 Bb7 15.Rd1 Nxd5
16.Bxd5 Bxd5 17.Rxd5 Nf4 18.Rda5 Qc8 19.g3 Qg4 20.Bd2 Rac8 21.Qb3 Ne2+ 22.Kf1 Nc3
23.Bxc3 Qxf3 24.Ra3 Qh1+ 25.Ke2 Qxe4+ 26.Kf1 Qh1+ 27.Ke2 Qxh2 28.Rxa6 Qh5+
29.Kf1 Qh1+ 30.Ke2 Qe4+ 31.Kf1 h5 32.b5 d5 33.R3a4 d4 34.Kg1 h4 35.Bb4 Bxb4
36.Rxb4 h3  0-1

[Event "EU-chT (Men)"]
[Site "Debrecen"]
[Date "1992.??.??"]
[Round "1"]
[White "Daly, Colm"]
[Black "Suba, Mihai"]
[Result "0-1"]
[WhiteElo "2225"]
[BlackElo "2520"]

1.e4 c5 2.Nf3 d6 3.Bb5+ Nd7 4.O-O a6 5.Bxd7+ Bxd7 6.Nc3 Nf6 7.d4 cxd4 8.Qxd4 e5
9.Qd3 h6 10.a4 Rc8 11.Rd1 Qc7 12.h3 Be7 13.Nh2 O-O 14.Qg3 Kh7 15.Ng4 Nxg4
16.hxg4 Be6 17.Be3 f6 18.a5 Qd7 19.f3 Rc4 20.Qf2 Rfc8 21.Rd3 R8c6 22.Qd2 Qc8
23.Kf2 g5 24.Ke1 Kg7 25.Kd1 Bf7 26.Ra4 Rxa4 27.Nxa4 Qh8 28.Nb6 h5 29.gxh5 Qxh5
30.Qe1 Bd8 31.Nd5 g4 32.Kc1 f5 33.Bd2 f4 34.g3 gxf3 35.gxf4 Bh4 36.Qg1+ Kf8
37.Be1 Bxe1 38.Qxe1 exf4 39.Nxf4 Qh2 40.Qd2 f2 41.Rf3 Qg1+ 42.Qd1 Rxc2+ 43.Kxc2 Bb3+
44.Rxb3 Qxd1+ 45.Kxd1 f1=Q+  0-1

[Event "EU-chT (Women)"]
[Site "Debrecen"]
[Date "1992.??.??"]
[Round "6"]
[White "Sheremetieva, Marina"]
[Black "Baginskaite, Kamile"]
[Result "1/2-1/2"]
[WhiteElo "2255"]
[BlackElo "2280"]

1.e4 c5 2.Nf3 d6 3.Bb5+ Nc6 4.Bxc6+ bxc6 5.O-O Bg4 6.d3 e5 7.Nbd2 Be7 8.h3 Bh5
9.c3 Nf6 10.Re1 O-O 11.Nf1 Nd7 12.g4 Bg6 13.Ng3 Re8 14.Kg2 Nf8 15.d4 cxd4
16.cxd4 f6 17.Nf5 Ne6 18.Be3 Bf8 19.Qc2 exd4 20.N3xd4 Nxd4 21.Bxd4 c5 22.Be3 d5
23.Bxc5 Rc8 24.b4 Bxc5 25.bxc5 Rxe4 26.Rxe4 Bxf5 27.gxf5 dxe4 28.Rd1 Qc7
29.Qc4+ Kh8 30.Rd4 h6 31.Rxe4 Kh7 32.Re6 Qxc5 33.Qg4 Qd5+ 34.Kh2 Kh8  1/2-1/2

[Event "EU-chT (Women)"]
[Site "Debrecen"]
[Date "1992.??.??"]
[Round "6"]
[White "Puljek Salai, Zorica"]
[Black "Peptan, Corina"]
[Result "0-1"]
[WhiteElo "2185"]
[BlackElo "2315"]

1.e4 c5 2.Nf3 d6 3.Bb5+ Bd7 4.Bxd7+ Qxd7 5.O-O Nf6 6.Qe2 Nc6 7.c3 e5 8.Rd1 Qg4
9.d3 Be7 10.Nbd2 O-O 11.Nc4 Qd7 12.d4 Qg4 13.dxe5 Nxe5 14.Ncxe5 dxe5 15.h3 Qxe4
16.Qxe4 Nxe4 17.Nxe5 f6 18.Nc4 Rfd8 19.Re1 f5 20.f3 Bh4 21.fxe4 Bxe1 22.Bg5 Bg3
23.Bxd8 Rxd8 24.exf5 b5 25.Na5 Rd2 26.Rb1 Rf2 27.Nc6 a6 28.a3 Rc2 29.Nd8 Rf2
30.Re1 h5 31.Re8+ Kh7 32.Nf7 Rxf5 33.Nd8 Rd5 34.Kf1 Rd1+ 35.Ke2 Re1+  0-1